000 01615nam a2200265Ia 4500
999 _c55217
_d55217
001 22292
003 GE_BSU
005 20230228160557.0
008 181216s ||||ge |||||||||||||| ||geo||
020 _a9789941109607
040 _cGE_BSU
041 _ageo
080 _a31:33(075.8) ხ-65
100 _aხმალაძე, ვახტანგ
_917075
245 _aსტატისტიკა ეკონომიკასა და ბიზნესში ნაწ. 1 სტატისტიკის თეორია :
_bსახელმძღვ. ეკონომიკისა და ბიზნესის ფაკ-ტის სტუდ. და მაგისტრანტებისათვის /
_cვახტანგ ხმალაძე ; რედ. ს. გელაშვილი.
264 _aთბილისი :
_bმერიდიანი,
_c2015.
300 _a390 გვ. ;
_bილ.
_c20 სმ.
504 _aბიბლიოგრაფია გვ. : 387-390
541 _h26 ლ.
653 _aსახელმძღვანელო ეკონომიკისა და ბიზნესის ფაკულტეტის სტუნტებისათვის და მაგისტრანტებისათვის
653 _aსტატისტიკა ეკონომიკასა და ბიზნესში ნაწ. 1
653 _a სტატისტიკის თეორია
700 _aგელაშვილი, ს.
_eრედაქტორი
_95758
942 _cBK
_2udc